Normal view
MARC view
- Nasim, Anwar
Entry Personal Name
001 - CONTROL NUMBER
- control field: 14543
003 - CONTROL NUMBER IDENTIFIER
- control field: NUST
005 - DATE AND TIME OF LATEST TRANSACTION
- control field: 20190524074313.0
008 - FIXED-LENGTH DATA ELEMENTS
- fixed length control field: 190524|| aca||aabn | a|a d
040 ## - CATALOGING SOURCE
- Original cataloging agency: NUST
- Transcribing agency: NUST
100 ## - HEADING--PERSONAL NAME
- Personal name: Nasim, Anwar
670 ## - SOURCE DATA FOUND
- Source citation: Work cat.: (NUST): Nasim, Anwar, Wo Qurbatian, Ye Faslay /, 2010.
